| 000 | 00756nam a22002657a 4500 | ||
|---|---|---|---|
| 001 | 001136 | ||
| 003 | DO-SdBNP | ||
| 005 | 20240411133401.0 | ||
| 007 | 001136 | ||
| 008 | 160812b1985 sp ||| 00| 0 spa d | ||
| 020 | _a8470394452 | ||
| 040 |
_aBPMSU _bspa _cBPMSU |
||
| 082 | 4 |
_a861.09 _bS161p 1995 _222 |
|
| 100 | 1 | _aSalaün, Serge | |
| 243 | _r | ||
| 245 | 1 | 3 |
_aLa poesía de la guerra de España / _cSerge Salaün |
| 260 |
_aMadrid : _bCastalia, _c1985. |
||
| 300 |
_a413 p. ; _c20 cm. |
||
| 500 | _aIncluye índice onomástico | ||
| 504 | _aBibliografías : p. 385-397 | ||
| 650 | 4 |
_aPoesía española _xHistoria y crítica |
|
| 651 | 4 |
_aEspaña _xGuerra civil _xHistoria |
|
| 910 | _aVMateo V. Control de calidad. BPMSU | ||
| 942 |
_2ddc _cBK |
||
| 999 |
_c11157 _d11157 |
||